书目信息 |
| 题名: |
红掌周年生产技术
|
|
| 作者: | 陈丽静 , 马慧 , 马爽 编著 | |
| 分册: | ||
| 出版信息: | 郑州 中原农民出版社 2017.2 |
|
| 页数: | 120页 | |
| 开本: | 26cm | |
| 丛书名: | 花卉周年生产技术丛书 | |
| 单 册: | ||
| 中图分类: | S682.1 | |
| 科图分类: | ||
| 主题词: | 安祖花--an zu hua--观赏园艺 | |
| 电子资源: | ||
| ISBN: | 978-7-5542-1621-7 | |
| 000 | 01127nam 2200301 45 | |
| 001 | 012001000416 | |
| 005 | 20131106085557.0 | |
| 010 | @a978-7-5542-1621-7@dCNY69.00 | |
| 099 | @aCAL 012018129397 | |
| 100 | @a20180906d2018 em y0chiy50 ea | |
| 101 | 0 | @achi |
| 102 | @aCN@b410000 | |
| 105 | @aak a 000yy | |
| 106 | @ar | |
| 200 | 1 | @a红掌周年生产技术@Ahong zhang zhou nian sheng chan ji shu@f陈丽静, 马慧, 马爽编著 |
| 210 | @a郑州@c中原农民出版社@d2017.2 | |
| 215 | @a120页@c彩图@d26cm | |
| 225 | 2 | @a花卉周年生产技术丛书@Ahua hui zhou nian sheng chan ji shu cong shu |
| 320 | @a有书目 (第120页) | |
| 330 | @a本书从红掌的品种特性、种苗繁育技术、大型设施建造及其环境调控技术、周年生产技术、主要病虫害防治技术等方面进行了介绍。语言上力求简洁明快, 通俗易懂, 并且配备了一定量的图片和文字说明, 科学性、实用性强。 | |
| 410 | 0 | @12001 @a花卉周年生产技术丛书 |
| 606 | 0 | @a安祖花@Aan zu hua@x观赏园艺 |
| 690 | @aS682.1@v5 | |
| 701 | 0 | @a陈丽静@Achen li jing@4编著 |
| 701 | 0 | @a马慧@Ama hui@4编著 |
| 701 | 0 | @a马爽@Ama shuang@4编著 |
| 801 | 0 | @aCN@b北京卓展文化@c20191020 |
| 905 | @b1196091-4@dS682.1@e498@f4 | |
| 红掌周年生产技术/陈丽静, 马慧, 马爽编著.-郑州:中原农民出版社,2017.2 |
| 120页:彩图;26cm.-(花卉周年生产技术丛书) |
| ISBN 978-7-5542-1621-7:CNY69.00 |
| 本书从红掌的品种特性、种苗繁育技术、大型设施建造及其环境调控技术、周年生产技术、主要病虫害防治技术等方面进行了介绍。语言上力求简洁明快, 通俗易懂, 并且配备了一定量的图片和文字说明, 科学性、实用性强。 |
| ● |
| 相关链接 |
|
|
|
|
正题名:红掌周年生产技术
索取号:S682.1/498
 
预约/预借
| 序号 | 登录号 | 条形码 | 馆藏地/架位号 | 状态 | 备注 |
| 1 | 1196091 | 211960911 | 第二样本阅览室/ [索取号:S682.1/498] | 在馆 | |
| 2 | 1196092 | 211960920 | 第三借阅区/ [索取号:S682.1/498] | 在馆 | |
| 3 | 1196093 | 211960939 | 第三借阅区/ [索取号:S682.1/498] | 在馆 | |
| 4 | 1196094 | 211960948 | 第三借阅区/ [索取号:S682.1/498] | 在馆 |